000 00725nam a2200193 i 4500
001 180523
003 ES-MaACL
005 20230906221124.0
008 120612s1973 sp |||| | spa d
080 _a517.547.2(043.2)
100 1 _aCufí, Julià.
_9150472
245 1 0 _aSobre el álgebra de las funciones enteras de orden acotado /
_cpor Julián Cufí Sobregrau.
260 _aBarcelona :
_bUniversidad de Barcelona, Secretariado de Publicaciones, Intercambio Científico y Extensión Universitaria,
_c1973.
300 _a19 p. ;
_c24 cm.
502 _aTesis-Universidad Barcelona (Extracto)
650 4 _aFunciones enteras.
_9150473
710 2 _aUniversidad de Barcelona.
_97141
852 _aES-MaACL
_jE-15362(106)
999 _c180523
_d180523